Fieles a la tierra (Record no. 123575)

MARC details
000 -LEADER
campo de control de longitud fija 00590nam a2200181 4500
001 - NÚMERO DE CONTROL
campo de control 123575
003 - IDENTIFICADOR DE NÚMERO DE CONTROL
campo de control ES-MaACL
005 - FECHA Y HORA DE LA ÚLTIMA TRANSACCIÓN
campo de control 20250602063227.0
007 - CAMPO FIJO DE DESCRIPCIÓN FÍSICA--INFORMACIÓN GENERAL
campo de control de longitud fija t|
008 - DATOS DE LONGITUD FIJA--INFORMACIÓN GENERAL
campo de control de longitud fija 070214s1971 sp r ||||1| spa d
100 1# - ENTRADA PRINCIPAL--NOMBRE DE PERSONA
Nombre de persona Rahner, Karl,
Fechas asociadas al nombre 1904-1984
9 (RLIN) 95012
245 10 - MENCIÓN DEL TÍTULO
Título Fieles a la tierra
Resto del título : reflexiones de un cristiano sobre la vida cotidiana /
Mención de responsabilidad, etc. Karl Rahner ; versión de Daniel Ruiz Bueno.
260 ## - PUBLICACIÓN, DISTRIBUCIÓN, ETC.
Lugar de publicación, distribución, etc. Barcelona :
Nombre del editor, distribuidor, etc. Herder,
Fecha de publicación, distribución, etc. 1971.
300 ## - DESCRIPCIÓN FÍSICA
Extensión 246 p. ;
Dimensiones 20 cm.
700 1# - ENTRADA AGREGADA--NOMBRE PERSONAL
Nombre de persona Ruiz Bueno, Daniel.
9 (RLIN) 100677
852 ## - LOCALIZACIÓN
Ubicación ES-MaACL
Número de control de estantería C-49004
Sublocalización o colección R.78529
Holdings
Estatus retirado Estado de pérdida Estado de daño No para préstamo Biblioteca de origen Biblioteca actual Ubicación en estantería Fecha de adquisición Fuente de adquisición Total de préstamos Signatura topográfica completa Código de barras Visto por última vez Precio de reemplazo Tipo de ítem Koha
        Biblioteca del Ateneo de Madrid Biblioteca del Ateneo de Madrid Depósito 2 17/01/2008     C-49004 1128751 23/02/2023 23/02/2023 Libro impreso